00688nam a2200181Ia 4500952014000000999001700140003000400157005001700161008004100178020001800219040000900237082002300246100002900269245011200298260003500410300000900445942005200454 00102ddc40708ECONOMICSaMESbMEScECO d2019-02-20g787.00l0o330.9730929 STI/Rp28747r2019-02-20 00:00:00w2019-02-20yBKzGL4R2 c10803d10803OSt20200103094619.0190216s9999||||xx |||||||||||||| ||und|| a9780141014319 coclc a330.9730929bSTI/R a Stiglitz, Joseph E9995 4aThe Roaring Nineties : why we're paying the price for the greediest decade in history /cJoseph E Stiglitz bPenguin Books,aLondon:c2003. a389p cBK2ddch330.9730929iSTI/Rk330.9730929mSTI/R